[Event "Cheliabinsk-ch"]
[Site "Cheliabinsk"]
[Date "2011.03.06"]
[Round "9"]
[White "Eryshkanova, Anastasiya"]
[Black "Iskhakov, Ramil"]
[Result "1/2-1/2"]
[WhiteElo "2168"]
[BlackElo "2159"]
[PlyCount "31"]
[EventDate "2011.02.26"]
[EventType "swiss"]
[EventRounds "9"]
[EventCountry "RUS"]
[SourceTitle "CBM 141 Extra"]
[Source "ChessBase"]
[SourceDate "2011.05.03"]
[SourceVersion "1"]
[SourceVersionDate "2011.05.03"]
[SourceQuality "1"]

1. e4 c5 2. Nf3 d6 3. d4 cxd4 4. Nxd4 Nf6 5. Nc3 a6 6. g3 e6 7. Bg2 Be7 8. 0-0 Qc7 9. Be3 Nc6 10. Nxc6 bxc6 11. Na4 Rb8 12. c4 c5 13. b3 Bb7 14. Qc2 Ng4 15. Bf4 Bf6 16. Rad1 1/2-1/2

[Event "Cheliabinsk-ch"]
[Site "Cheliabinsk"]
[Date "2011.03.04"]
[Round "7"]
[White "Gorbushin, Maksim"]
[Black "Iskhakov, Ramil"]
[Result "0-1"]
[WhiteElo "2061"]
[BlackElo "2159"]
[PlyCount "72"]
[EventDate "2011.02.26"]
[EventType "swiss"]
[EventRounds "9"]
[EventCountry "RUS"]
[SourceTitle "CBM 141 Extra"]
[Source "ChessBase"]
[SourceDate "2011.05.03"]
[SourceVersion "1"]
[SourceVersionDate "2011.05.03"]
[SourceQuality "1"]

1. c4 e5 2. Nc3 Nf6 3. g3 Bb4 4. Bg2 Nc6 5. e4 d6 6. Nge2 Be6 7. d3 Qd7 8. 0-0 Bxc3 9. Nxc3 Nd4 10. Be3 h5 11. Bxd4 exd4 12. Nd5 h4 13. Nxf6+ gxf6 14. Qf3 Ke7 15. Rfe1 Bg4 16. Qf4 Rag8 17. c5 Bh3 18. cxd6+ cxd6 19. Bh1 Qg4 20. Qxg4 Bxg4 21. Rac1 hxg3 22. fxg3 Rc8 23. h4 b6 24. Kf2 Rc5 25. b4 Rc3 26. Rxc3 dxc3 27. Rc1 Rc8 28. Ke3 c2 29. Bf3 Be6 30. Kd2 Rg8 31. Rg1 Rc8 32. Rc1 Rg8 33. g4 Bxg4 34. Bxg4 Rxg4 35. Rxc2 Kd7 36. Ke3 Rxh4 0-1

[Event "Cheliabinsk-ch"]
[Site "Cheliabinsk"]
[Date "2011.02.26"]
[Round "1"]
[White "Iskhakov, Ramil"]
[Black "Rodionov, Nikolai"]
[Result "1-0"]
[WhiteElo "2159"]
[BlackElo "1824"]
[PlyCount "81"]
[EventDate "2011.02.26"]
[EventType "swiss"]
[EventRounds "9"]
[EventCountry "RUS"]
[SourceTitle "CBM 141 Extra"]
[Source "ChessBase"]
[SourceDate "2011.05.03"]
[SourceVersion "1"]
[SourceVersionDate "2011.05.03"]
[SourceQuality "1"]

1. d4 Nf6 2. c4 g6 3. g3 Bg7 4. Bg2 d6 5. Nf3 0-0 6. 0-0 Nbd7 7. Nc3 e5 8. d5 Nb6 9. b3 Nh5 10. Bg5 f6 11. Bd2 f5 12. Bg5 Nf6 13. Qd2 Qe7 14. Ne1 Bd7 15. e4 fxe4 16. Bxf6 Bxf6 17. Nxe4 Bg7 18. Nd3 Bf5 19. Rac1 a5 20. c5 Nxd5 21. cxd6 cxd6 22. Ndc5 Bxe4 23. Nxe4 Nf6 24. Qxd6 Rfe8 25. Rc7 Qxd6 26. Nxd6 Rf8 27. Bxb7 Rad8 28. Nc4 Nd5 29. Bxd5+ Rxd5 30. Ra7 e4 31. Rxa5 Rd3 32. Rc1 Bd4 33. Rc2 Rdf3 34. Rd5 Bxf2+ 35. Kg2 h5 36. Ne5 R3f5 37. Nxg6 Rxd5 38. Ne7+ Kh7 39. Nxd5 e3 40. Re2 Ra8 41. Kf3 1-0